| 000 | 00547nam a22001817a 4500 | ||
|---|---|---|---|
| 008 | 150930b xxu||||| |||| 00| 0 eng d | ||
| 020 | _a0324300859 | ||
| 041 | 0 | _aeng | |
| 080 | _a657 | ||
| 100 | 1 | _aPorter, Gary A., | |
| 245 | 1 | 0 |
_aFinancial accounting : _cGary A. Porter, Curtis L. Norton. |
| 250 | _a5th ed. | ||
| 260 |
_aMason, OH : _bThomson/South-Western, _c2007. |
||
| 300 |
_axxiv, 695, [89] f. : _bme il.; _c29 cm. |
||
| 650 | 0 | _aKontabilitet Financiar | |
| 700 | 1 | _aNorton, Curtis L. | |
| 942 |
_2udc _cBK |
||
| 999 |
_c1205 _d1205 |
||